Estudio para el plan de uso de la tierra en las zonas costeras de las unidades de planeamiento turístico en la República de Costa Rica (Registro nro. 1583)

Detalles MARC
000 -CABECERA
campo de control de longitud fija 00890aam a2200277 4500
005 - FECHA Y HORA DE ACTUALIZACIÓN
campo de control 20161014132654.0
008 - LONGITUD FIJA
campo de control de longitud fija 150703b xxu||||| |||| 00| 0 spa d
041 ## - IDIOMA
Código de idioma del texto/pista de sonido o título separado
082 ## - CLASIFICACIÓN DECIMAL DEWEY
Número de clasificación 3.27 A265e
100 ## - AUTOR PERSONAL
Nombre de persona Agencia de Cooperación Internacional de Japón (JICA)
245 ## - TÍTULO PROPIAMENTE DICHO
Título Estudio para el plan de uso de la tierra en las zonas costeras de las unidades de planeamiento turístico en la República de Costa Rica
260 ## - PIE DE IMPRENTA
Lugar de publicación, distribución, etc. Costa Rica
260 ## - PIE DE IMPRENTA
Nombre del editor, distribuidor, etc. JICA
260 ## - PIE DE IMPRENTA
Fecha de publicación, distribución, etc. 2001
300 ## - DESCRIPCIÓN FÍSICA
Extensión 60 páginas
650 ## - Materia General
Materia general TURISMO SOSTENIBLE
650 ## - Materia General
Materia general COSTA RICA
650 ## - Materia General
Materia general ZONAS COSTERAS
650 ## - Materia General
Materia general PLANIFICACIÓN TURÍSTICA
650 ## - Materia General
Materia general DESARROLLO TURÍSTICO
650 ## - Materia General
Materia general GUANACASTE SUR
650 ## - Materia General
Materia general CORCOVADO
650 ## - Materia General
Materia general GOLFITO
650 ## - Materia General
Materia general ZONA MARITIMO TERRESTRE
942 ## - Punto de Acceso Adicional Koha
Tipo de ítem Koha Libro
Existencias
Estado perdido Estado dañado No para préstamo Biblioteca permanente Biblioteca actual Signatura completa Código de barras Precio efectivo a partir del Tipo de ítem
      Departamento de Biblioteca y Documentación Alfonso Chase Brenes Departamento de Biblioteca y Documentación Alfonso Chase Brenes 3.27 A265e 12062 14/10/2016 Libro